Notice sur les sources sulfatées calciques ferrugineuses, arsenicales accidentellement sulfureuses de Salut / (Registro nro. 69192)

Detalles MARC
000 -LEADER
campo de control de longitud fija 00793nam a22002175i 4500
001 - NÚMERO DE CONTROL
campo de control 69192
003 - IDENTIFICADOR DE NÚMERO DE CONTROL
campo de control ES-MaACL
005 - FECHA Y HORA DE LA ÚLTIMA TRANSACCIÓN
campo de control 20230906170446.0
007 - CAMPO FIJO DE DESCRIPCIÓN FÍSICA--INFORMACIÓN GENERAL
campo de control de longitud fija t|
008 - DATOS DE LONGITUD FIJA--INFORMACIÓN GENERAL
campo de control de longitud fija 950206q18781900fr ||||1| fre d
040 ## - FUENTE DE CATALOGACIÓN
Centro catalogador/agencia de origen CAM
Lengua de catalogación spa
Centro/agencia transcriptor CCPB | PA2
100 1# - ENTRADA PRINCIPAL--NOMBRE DE PERSONA
Nombre de persona Couzier, Emile Philippe Joseph Marie.
9 (RLIN) 139675
245 10 - MENCIÓN DEL TÍTULO
Título Notice sur les sources sulfatées calciques ferrugineuses, arsenicales accidentellement sulfureuses de Salut /
Mención de responsabilidad, etc. par Couzier.
250 ## - MENCION DE EDICION
Mención de edición 2me. éd.
260 ## - PUBLICACIÓN, DISTRIBUCIÓN, ETC.
Lugar de publicación, distribución, etc. Bagnères de Bigorre :
Nombre del editor, distribuidor, etc. [s.n.,
Fecha de publicación, distribución, etc. 187?] (
Fabricante Impr. D.-L. Péré)
300 ## - DESCRIPCIÓN FÍSICA
Extensión 28 p. ;
Dimensiones 21 cm.
500 ## - NOTA GENERAL
Nota general Precede al tit.: Station Thermale de Bagnères-de-Bigorre.
650 #4 - PUNTO DE ACCESO ADICIONAL DE MATERIA--TÉRMINO DE MATERIA
Término de materia o nombre geográfico como elemento de entrada Aguas minerales-
Subdivisión geográfica Francia.
9 (RLIN) 135524
650 #4 - PUNTO DE ACCESO ADICIONAL DE MATERIA--TÉRMINO DE MATERIA
Término de materia o nombre geográfico como elemento de entrada Balnearios-
Subdivisión geográfica Bagnères-de-Bigorre.
9 (RLIN) 135663
852 ## - LOCALIZACIÓN
Ubicación ES-MaACL
Número de control de estantería T-468-F-4
Existencias
Estatus retirado Estado de pérdida Estado de daño No para préstamo Colección Biblioteca de origen Biblioteca actual Ubicación en estantería Fecha de adquisición Fuente de adquisición Total de préstamos Signatura topográfica completa Código de barras Visto por última vez Precio de reemplazo Tipo de ítem Koha
        Colección de folletos Biblioteca del Ateneo de Madrid Biblioteca del Ateneo de Madrid Depósito folletos 17/01/2008     T-468-F-4 1072453 23/02/2023 23/02/2023 Folleto